000 00678nam a2200217 a 4500
999 _c5837
_d5837
001 5837
003 BD-JhCC
005 20180118104436.0
008 171227s2011 bg ||||| |||| 00| 0 ben d
035 _a(BD-JhCC)5837
040 _aBD-JhCC
_dBD-JhCC
041 _aben
082 _a891.4415
_bAZA 2011
100 _aআজাদ, শিমুল
245 _aজন্মান্ধ আয়নার পাশে :
_bপ্রেম ও দ্রোহের কবিতা /
_cশিমুল আজাদ
260 _aঢাকা :
_bChondroshhap Publication,
_c2011.
300 _a64 p. :
_c21 cm.
650 _aBengali Poetry
942 _2ddc
_cBK